Hạ đỏ : Truyện dài . t. II /

שמור ב:
מידע ביבליוגרפי
מחבר ראשי: Nguyễn Nhật Ánh
פורמט: Sách giấy
שפה:Vietnamese
יצא לאור: TP.HCM : Trẻ , 1996
תגים: הוספת תג
אין תגיות, היה/י הראשונ/ה לתייג את הרשומה!
Thư viện lưu trữ: Thư viện Trường Đại học Đà Lạt
LEADER 00578nam a2200253 4500
001 DLU020015215
005 ##8/4/2000
020 # # |a 978- 
041 # # |a vie 
082 # # |a TV  |b NG-A 
090 # # |a TV  |b NG-A 
100 # # |a Nguyễn Nhật Ánh 
245 # # |a Hạ đỏ :  |b Truyện dài .  |n t. II /  |c Nguyễn Nhật Ánh 
260 # # |a TP.HCM :  |b Trẻ ,  |c 1996 
300 # # |a 100 tr.;   |c 19 cm. 
992 # # |a 3500 
994 # # |a DLU 
900 # # |a False 
911 # # |a Administrator 
925 # # |a G 
926 # # |a A 
927 # # |a SH 
980 # # |a Thư viện Trường Đại học Đà Lạt